Bretón de los Herreros (Record no. 159913)

MARC details
000 -LEADER
campo de control de longitud fija 01017cam a22002175i 4500
001 - NÚMERO DE CONTROL
campo de control 159913
003 - IDENTIFICADOR DE NÚMERO DE CONTROL
campo de control ES-MaACL
005 - FECHA Y HORA DE LA ÚLTIMA TRANSACCIÓN
campo de control 20231228063237.0
008 - DATOS DE LONGITUD FIJA--INFORMACIÓN GENERAL
campo de control de longitud fija 951113s1883 sp |||| | spa d
040 ## - FUENTE DE CATALOGACIÓN
Centro catalogador/agencia de origen CLM
Lengua de catalogación spa
Centro/agencia transcriptor CCPB | SIC
Centro/agencia modificador CCPB|CLM
100 1# - ENTRADA PRINCIPAL--NOMBRE DE PERSONA
Nombre de persona Molíns, Mariano Roca de Togores,
Títulos y otros términos asociados al nombre Marqués de,
Fechas asociadas al nombre 1812-1889
9 (RLIN) 130033
245 10 - MENCIÓN DEL TÍTULO
Título Bretón de los Herreros
Resto del título : recuerdos de su vida y de sus obras /
Mención de responsabilidad, etc. escritos por el Marqués de Molins.
260 ## - PUBLICACIÓN, DISTRIBUCIÓN, ETC.
Lugar de publicación, distribución, etc. Madrid :
Nombre del editor, distribuidor, etc. [s.n.],
Fecha de publicación, distribución, etc. 1883 (
Fabricante Imprenta y fundición de M. Tello)
300 ## - DESCRIPCIÓN FÍSICA
Extensión XVI, 560 p., [1] h. de lám. ;
Dimensiones 18 cm.
500 ## - NOTA GENERAL
Nota general Edición hecha en virtud de acuerdo de la Real Academia Española y publicados por orden y á expensas de esta corporación.
597 ## - NOTA DE DESCRIPCIÓN FÍSICA
NOTA DE DESCRIPCIÓN FÍSICA Antep.
599 ## - NOTA A LAS ILUSTRACIONES
NOTA A LAS ILUSTRACIONES La h. de lám. es un retrato de Breton de los Herreros, grab. calc.: "F. de Madrazo fe. 1835" "B. Maura f. 1883"
600 14 - PUNTO DE ACCESO ADICIONAL DE MATERIA--NOMBRE DE PERSONA
Nombre de persona Bretón de los Herreros, Manuel,
Fechas asociadas al nombre 1796-1873
9 (RLIN) 31637
852 ## - LOCALIZACIÓN
Ubicación ES-MaACL
Número de control de estantería F-9602
Nota libre -- Enc. pasta
Holdings
Estatus retirado Estado de pérdida Estado de daño No para préstamo Colección Biblioteca de origen Biblioteca actual Ubicación en estantería Fecha de adquisición Fuente de adquisición Total de préstamos Signatura topográfica completa Código de barras Visto por última vez Precio de reemplazo Tipo de ítem Koha
        Libros del s. XIX Biblioteca del Ateneo de Madrid Biblioteca del Ateneo de Madrid Sala Pecera Planta 2 17/01/2008     F-9602 1167407 23/02/2023 23/02/2023 Libro impreso antiguo